Sports Quiz

Random Sports or NFL Quiz

Super Bowl XLV Quiz Stats

 Plays Quiz not verified by Sporcle

Also try: Football in London
Challenge
Share
Tweet
Embed
Score 0/16 Timer 06:00
0 Plays Today
Team Player % Correct
PIT (78)Hines Ward
98.9%
GB (64)Greg Jennings
96.8%
GB (140)Jordy Nelson
94.6%
PIT(89)Mike Wallace
92.5%
GB (28)Donald Driver
90.3%
PIT (12)Heath Miller
83.9%
PIT (7)Rashard Mendenhall
83.9%
GB (50)James Jones
73.1%
Team Player % Correct
GB (14)Brandon Jackson
72%
PIT (17)Emmanuel Sanders
55.9%
GB (5)Andrew Quarless
51.6%
PIT (1)Antonio Brown
44.1%
PIT (50)Antwaan Randle El
43%
GB (1)Tom Crabtree
36.6%
PIT (9)Matt Spaeth
36.6%
GB (2)Korey Hall
22.6%

You're not logged in!

Compare scores with friends on all Sporcle quizzes.
OR
Log In

You Might Also Like...

Show Comments

Extras

Top Quizzes Today


Score Distribution

Your Account Isn't Verified!

In order to create a playlist on Sporcle, you need to verify the email address you used during registration. Go to your Sporcle Settings to finish the process.

Report this User

Report this user for behavior that violates our Community Guidelines.

Details: